| 000 | 00924nam a2200217Ia 4500 | ||
|---|---|---|---|
| 003 | Ost | ||
| 005 | 20260507075028.0 | ||
| 008 | 260507s9999||||xx |||||||||||||| ||und|| | ||
| 040 | _cfsecg | ||
| 041 | _aara | ||
| 100 |
_aأبو قحف، عبد السلام _eمؤلف |
||
| 245 | 0 |
_aأساسيات التنظيم والإدارة / _c عبد السلام أبو قحف |
|
| 250 | _aطبعة 3 | ||
| 260 |
_aبيروت: _bدارالمعرفة الجامعية, _c2001 |
||
| 300 |
_a333 صفحة؛ _bإيضاحات ؛ _c23 سم |
||
| 520 | _aمقدمات أساسية- مفهوم الإدارة وأهميتها النسبية- تطور الفكر الإداري- المديرون-إتخاذ القرارات وحل المشكلات- وظائف منظمات الأعمال والبيئة | ||
| 653 | _aاتخاذ القرارات | ||
| 653 | _aالإدارة | ||
| 653 | _aتنظيم وادارة | ||
| 942 | _cكتاب | ||
| 999 |
_c42353 _d42353 |
||